| 000 | 01180nac a22004097a 4500 | ||
|---|---|---|---|
| 001 | BR0703679 | ||
| 003 | BR-BrBNA | ||
| 005 | 20240105123433.0 | ||
| 008 | 230509b bl.|||m| |||| 00| 0 por d | ||
| 040 |
_aBR-BrBNA _bpor _cBiblioteca Nacional de Agricultura |
||
| 072 | _aF01 | ||
| 090 | _a2320 BR0703679 | ||
| 100 | 1 | _aDuarte, M. de L.R. | |
| 100 | 1 | _aPoltronieri, M.C. | |
| 100 | 1 | _aChu, E.Y. | |
| 100 | 1 | _aOliveira, R.F. de | |
| 100 | 1 | _aLemos, O.F. | |
| 100 | 1 | _aBenchimol, R.L. | |
| 100 | 1 | _aConceição, H.E.O. da | |
| 100 | 1 | _aSouza, G.F. de | |
| 110 | 1 | _aEMBRAPA Amazônia Oriental, Belém, PA (Brasil) | |
| 245 | 1 | _aA cultura da pimenta-do-reino | |
| 250 | 1 | _a2 ed. | |
| 260 | 3 |
_aBrasília, DF (Brasil): _bEMBRAPA Informação Tecnológica, _c2006. |
|
| 300 | _a73 p. | ||
| 490 |
_aColeção Plantar (Brazil) _vno. 55 _x |
||
| 500 | _a18 illus.; 5 tables | ||
| 650 | _aPIMENTA DO REINO | ||
| 650 | _aMUDA | ||
| 650 | _aPRÁTICA CULTURAL | ||
| 650 | _aVARIEDADE | ||
| 650 | _aDOENÇA DE PLANTA | ||
| 650 | _aPRAGA DE PLANTA | ||
| 650 | _aCONTROLE QUÍMICO | ||
| 909 |
_a202312 _bLúcia Elande _c55 _dLúcia Elande |
||
| 942 |
_2AGRIS _n0 _cMS |
||
| 999 |
_c295436 _d295436 |
||